000 00370 a2200145 4500
005 20250627120050.0
020 _a0-07-548857-4
082 _a301 WIL.
100 _aWILLIAMS, W.
245 _aExploring Human Society,
260 _aNew York,
_bMc Graw Hill Companies,
_c1989.
300 _a373p.; Ill.; picture.
_bIndex,
_c24cm.
700 _aSHEFFE, N.
942 _2ddc
_cBKS
999 _c5611
_d5611